000 00729cab a2200229 4500
001 WB3132-01
008 090401t1995 xxu||||| |||| 00| 0 eng d
035 _a(Sirsi) u57144
041 _aeng
245 _aCOBRA 1995: building the future
260 _c1995
350 _a0
490 _aRICS Press Release
_v(118) 29 August 1995 (2)
520 _aAnnounces the first RICS Construction and Building Research Conference, which is to be held at Heriot Watt University 8-9 September 1995.
650 _aCONSTRUCTION AND BUILDING RESEARCH CONFERENCE
650 _aCONSTRUCTION LIFE CYCLE
650 _aEDINBURGH
650 _aHERIOT WATT UNIVERSITY
690 _aBUILT ENVIRONMENT
942 _n0
948 _c04/03/1997
999 _c34820
_d34820